The advanced learner's dictionary of current English /

Gespeichert in:
Bibliographische Detailangaben
Hauptverfasser: Hornby, A.S (Verfasst von), Gatenby, E.V (Verfasst von), Wakefield, H (Verfasst von)
Format: Buch
Sprache:Englisch
Veröffentlicht: London : Oxford University Press, 1963
Ausgabe:2.vyd.
Tags: Tag hinzufügen
Keine Tags, Fügen Sie das erste Tag hinzu!

MARC

LEADER 00000nam a22000003a 4500
001 stu191
005 20150617225622.7
008 910417s1963----uk------------------eng-d
020 |a 0-19-431111-2 
040 |a STU  |b slo 
041 0 |a eng 
044 |a uk 
080 |a 801.323.1=20 
100 1 |a Hornby, A.S.  |4 aut 
245 1 |a The advanced learner's dictionary of current English /  |c [aut.] Hornby,A.S.; Gatenby,E.V.; Wakefield,H 
250 |a 2.vyd. 
260 |a London :  |b Oxford University Press,  |c 1963 
300 |a 1200 s 
700 1 |a Gatenby, E.V  |4 aut 
700 1 |a Wakefield, H  |4 aut 
996 |b E74331  |c E*74331  |l EE18  |s P  |a 0  |w stu191_0001